000 00910nam a2200289Ia 4500
001 Para_7979
003 CHAP
008 220125s1920 xx 000 0 und d
010 _a206908
040 _cCHAP
082 _aPA-C 595.75 H4
100 _aList, George M.
_967096
245 _aThe European elm scale Gossyparia spuria, modeer /
_c by George M. List.
260 _aFort Collins, Colorado :
_b Colorado Agricultural College
300 _a12 p.
440 _aHemiptera; 10
_9171909
500 _aEncuadernado con otros impresos similares
650 _aHemípteros
_x colecciones de escritos / Gossyparia spuria / Olmo
_xplagas
_9173280
710 _aColorado Agr. College, Circular; 29
_9173281
901 _aPA-C 595.75 H4
902 _aA
905 _a0000001920 0000000000 00
910 _a1920
942 _cPARA
942 _cPARA
_d1
999 _c206908
_d206908